Cities With One Million People by Letter - I - Statistics

General Stats
  • This quiz has been taken 1,301 times
  • The average score is 4 of 6
Answers on the Map
Answers color-coded by a green-red scale on the quiz's map according to % correct below.
 
Answer Stats
City % Correct
Istanbul
97%
Indianapolis
94%
Izmir
84%
Ibadan
63%
Isfahan
63%
Indore
44%
No matching quizzes found
Score Distribution
Percent of People with Each Score
Percentile by Number Answered
Your Score History
You have not taken this quiz